[Event "Titled Tuesday intern op 16th Apr Early"]
[Site "Chess.com INT"]
[Date "2024.04.16"]
[Round "1"]
[White "Ghosh, Chanchal Kumer"]
[Black "Bykov, Egor"]
[Result "1-0"]
[WhiteElo "2064"]
[BlackElo "2424"]
[PlyCount "85"]
[EventDate "2024.04.16"]
[EventType "swiss (blitz)"]
[EventRounds "11"]
[EventCountry "USA"]
[SourceTitle "CB17_2024"]
[SourceDate "2024.04.24"]
[SourceVersion "1"]
[SourceVersionDate "2024.04.24"]
[SourceQuality "1"]

1. e4 c5 2. Nf3 e6 3. d4 cxd4 4. Nxd4 Nf6 5. Nc3 Nc6 6. Be3 Bb4 7. Bd3 d5 8. exd5 Nxd5 9. Nxc6 bxc6 10. Bd2 0-0 11. 0-0 Rb8 12. Qh5 g6 13. Qh6 Qf6 14. Ne4 Qg7 15. Qxg7+ Kxg7 16. c3 Be7 17. b4 f5 18. Ng3 e5 19. Bc4 Bf6 20. Rfe1 Rd8 21. Rad1 Nb6 22. Bb3 Ba6 23. Nf1 Nc4 24. Bc1 e4 25. Ne3 Nxe3 26. Bxe3 Bxc3 27. Rxd8 Rxd8 28. Rc1 Bxb4 29. Rxc6 Be2 30. Rc7+ Kf6 31. h4 Ke5 32. Rxa7 Bd2 33. Bxd2 Rxd2 34. Rxh7 f4 35. Rg7 Bd3 36. Rxg6 e3 37. Rg5+ Kd4 38. fxe3+ fxe3 39. Rg4+ Be4 40. Bc4 Rxg2+ 41. Rxg2 Bxg2 42. Kxg2 Kxc4 43. Kf1 1-0

[Event "Titled Tuesday intern op 16th Apr Early"]
[Site "Chess.com INT"]
[Date "2024.04.16"]
[Round "2"]
[White "Ghosh, Chanchal Kumer"]
[Black "Crevatin, Leo"]
[Result "0-1"]
[WhiteElo "2064"]
[BlackElo "2260"]
[PlyCount "48"]
[EventDate "2024.04.16"]
[EventType "swiss (blitz)"]
[EventRounds "11"]
[EventCountry "USA"]
[SourceTitle "CB17_2024"]
[SourceDate "2024.04.24"]
[SourceVersion "1"]
[SourceVersionDate "2024.04.24"]
[SourceQuality "1"]

1. e4 c5 2. Nf3 d6 3. d4 cxd4 4. Nxd4 Nf6 5. Nc3 a6 6. h3 e5 7. Nb3 Be6 8. Be3 Nbd7 9. Be2 Rc8 10. f4 Rxc3 11. bxc3 Nxe4 12. Bf3 Qh4+ 13. Kf1 Ng3+ 14. Kg1 Nxh1 15. Kxh1 exf4 16. Bd4 Be7 17. Bxb7 0-0 18. Bf3 Ne5 19. Bxe5 dxe5 20. Bg4 Rd8 21. Qe1 Qxe1+ 22. Rxe1 f5 23. Rxe5 fxg4 24. Rxe6 Rd1+ 0-1

[Event "Titled Tuesday intern op 27th Feb Late"]
[Site "Chess.com INT"]
[Date "2024.02.27"]
[Round "7"]
[White "Bueno, Alfeu Varela Jr"]
[Black "Ghosh, Chanchal Kumer"]
[Result "1-0"]
[WhiteElo "2155"]
[BlackElo "2026"]
[PlyCount "45"]
[EventDate "2024.02.27"]
[EventType "swiss (blitz)"]
[EventRounds "11"]
[EventCountry "USA"]
[SourceTitle "CB10_2024"]
[SourceDate "2024.03.06"]
[SourceVersion "1"]
[SourceVersionDate "2024.03.06"]
[SourceQuality "1"]

1. e4 c5 2. Nc3 d6 3. f4 g6 4. Nf3 Bg7 5. Bb5+ Bd7 6. 0-0 Nf6 7. d3 0-0 8. Qe1 Nc6 9. Bxc6 Bxc6 10. Qh4 b5 11. f5 b4 12. Ne2 e6 13. Bg5 exf5 14. Nd2 h6 15. Bxh6 Bxh6 16. Qxh6 Ng4 17. Qf4 Qe7 18. Ng3 Qh4 19. h3 g5 20. Qxf5 Ne3 21. Qf6 Nxf1 22. Nf5 Qh7 23. Ne7# 1-0

[Event "Titled Tuesday intern op 27th Feb Late"]
[Site "Chess.com INT"]
[Date "2024.02.27"]
[Round "5"]
[White "Ghosh, Chanchal Kumer"]
[Black "Buenafe Moya, Javier"]
[Result "1-0"]
[WhiteElo "2026"]
[BlackElo "2136"]
[PlyCount "41"]
[EventDate "2024.02.27"]
[EventType "swiss (blitz)"]
[EventRounds "11"]
[EventCountry "USA"]
[SourceTitle "CB10_2024"]
[SourceDate "2024.03.06"]
[SourceVersion "1"]
[SourceVersionDate "2024.03.06"]
[SourceQuality "1"]

1. e4 e5 2. Nf3 Nc6 3. Bc4 Bc5 4. c3 Nf6 5. d4 exd4 6. cxd4 Bb4+ 7. Nc3 d5 8. exd5 Nxd5 9. 0-0 Nxc3 10. bxc3 Bxc3 11. Qb3 Bb4 12. Bxf7+ Kf8 13. d5 Kxf7 14. dxc6+ Be6 15. Qxb4 bxc6 16. Ng5+ Kf6 17. Qc3+ Kg6 18. Nxe6 Kh5 19. Nxd8 Kg4 20. Qe5 h5 21. Qg5# 1-0

[Event "Titled Tuesday intern op 13th Feb Early"]
[Site "Chess.com INT"]
[Date "2024.02.13"]
[Round "7"]
[White "Esmeraldas Huachi, Anderson Yahir"]
[Black "Ghosh, Chanchal Kumer"]
[Result "1-0"]
[WhiteElo "2148"]
[BlackElo "2026"]
[PlyCount "69"]
[EventDate "2024.02.13"]
[EventType "swiss (blitz)"]
[EventRounds "11"]
[EventCountry "USA"]
[SourceTitle "CB08_2024"]
[SourceDate "2024.02.21"]
[SourceVersion "1"]
[SourceVersionDate "2024.02.21"]
[SourceQuality "1"]

1. d4 d5 2. c4 e6 3. cxd5 exd5 4. Nc3 Nf6 5. Bg5 Be7 6. e3 0-0 7. Nf3 a6 8. Bd3 h6 9. Bh4 b6 10. 0-0 c5 11. dxc5 bxc5 12. Rc1 Be6 13. Bb1 Nbd7 14. Qc2 Re8 15. Rfd1 Nf8 16. Ne5 Qc7 17. Bg3 Bd6 18. Nd3 Bxg3 19. hxg3 Rac8 20. Ne2 N8d7 21. Nef4 Bf5 22. Qa4 c4 23. Nb4 Bxb1 24. Rxb1 Nc5 25. Qa3 Re5 26. Nbxd5 Nxd5 27. Nxd5 Qb7 28. Nf4 Ne4 29. Rbc1 Rb5 30. Rc2 Ng5 31. Rdc1 Rbc5 32. Qa4 Qc7 33. Qxa6 c3 34. Rxc3 Rxc3 35. Rxc3 1-0

[Event "Titled Tuesday intern op 13th Feb Late"]
[Site "Chess.com INT"]
[Date "2024.02.13"]
[Round "6"]
[White "Ghosh, Chanchal Kumer"]
[Black "Rustemov, Alexander"]
[Result "0-1"]
[WhiteElo "2026"]
[BlackElo "2525"]
[PlyCount "104"]
[EventDate "2024.02.13"]
[EventType "swiss (blitz)"]
[EventRounds "11"]
[EventCountry "USA"]
[SourceTitle "CB08_2024"]
[SourceDate "2024.02.21"]
[SourceVersion "1"]
[SourceVersionDate "2024.02.21"]
[SourceQuality "1"]

1. e4 e6 2. Nf3 d5 3. Nc3 Nf6 4. e5 Nfd7 5. d4 Be7 6. Ne2 b6 7. Ng3 c5 8. c3 Ba6 9. Bd3 Qc8 10. 0-0 Bxd3 11. Qxd3 Qa6 12. Qd1 Nc6 13. Nh5 g6 14. Nf4 cxd4 15. cxd4 Rc8 16. a3 Na5 17. h4 Qc4 18. Re1 Qc2 19. b4 Qxd1 20. Rxd1 Nc4 21. Be3 h5 22. Rdc1 0-0 23. Nh3 a5 24. Bg5 Bxg5 25. Nhxg5 Ra8 26. Kf1 Ra7 27. bxa5 Rxa5 28. Rc3 Rfa8 29. Ke2 b5 30. Rb3 Nxa3 31. Nd2 Nc4 32. Rxa5 Rxa5 33. Ngf3 Ndb6 34. Ne1 Ra2 35. Nef3 Nxd2 36. Nxd2 Nc4 37. Rd3 Kf8 38. Ke1 Ke7 39. Nb3 Kd7 40. Nc5+ Ke7 41. g3 Ra3 42. Rxa3 Nxa3 43. Kd2 Nc4+ 44. Kc3 Na5 45. f3 Nc6 46. g4 b4+ 47. Kd3 Kf8 48. Na6 g5 49. hxg5 h4 50. Ke3 b3 51. Nc5 b2 52. Kd2 b1Q 0-1

[Event "Titled Tuesday intern op 13th Feb Late"]
[Site "Chess.com INT"]
[Date "2024.02.13"]
[Round "9"]
[White "Ghosh, Chanchal Kumer"]
[Black "Smieszek, Wojciech"]
[Result "0-1"]
[WhiteElo "2026"]
[BlackElo "2130"]
[PlyCount "112"]
[EventDate "2024.02.13"]
[EventType "swiss (blitz)"]
[EventRounds "11"]
[EventCountry "USA"]
[SourceTitle "CB08_2024"]
[SourceDate "2024.02.21"]
[SourceVersion "1"]
[SourceVersionDate "2024.02.21"]
[SourceQuality "1"]

1. e4 c5 2. Nf3 g6 3. d4 cxd4 4. Nxd4 Nc6 5. Nc3 Bg7 6. Be3 Nf6 7. f4 0-0 8. e5 Ne8 9. Bc4 Nc7 10. 0-0 Nxd4 11. Qxd4 Ne6 12. Qd2 Qc7 13. Bb3 b6 14. Nd5 Qd8 15. g4 Nc5 16. Rad1 Nxb3 17. axb3 d6 18. exd6 Qxd6 19. f5 Bb7 20. c4 Bxd5 21. Qxd5 Qxd5 22. Rxd5 Bxb2 23. Rd7 Bf6 24. g5 Be5 25. Rxe7 Rfe8 26. Rxe8+ Rxe8 27. f6 Bxf6 28. gxf6 Rxe3 29. Rd1 Re8 30. Rd7 Ra8 31. Rb7 h6 32. Kf2 g5 33. Ke3 Kh7 34. Rxf7+ Kg6 35. Rb7 Kxf6 36. Ke4 Re8+ 37. Kf3 Re7 38. Rb8 Ke5 39. Rh8 Re6 40. Kg4 Kd4 41. Ra8 a5 42. Rf8 Kc3 43. Rf3+ Kb4 44. Kh5 a4 45. bxa4 Kxa4 46. Rf1 Kb4 47. Rc1 Kc5 48. Rc2 Kd4 49. Rc1 Kd3 50. h3 Rc6 51. h4 gxh4 52. Rd1+ Kxc4 53. Kxh4 b5 54. Kg4 b4 55. Kf3 Kb3 56. Ke2 Re6+ 0-1

[Event "Titled Tuesday intern op 13th Feb Early"]
[Site "Chess.com INT"]
[Date "2024.02.13"]
[Round "10"]
[White "Manon Og, Ramon Jr"]
[Black "Ghosh, Chanchal Kumer"]
[Result "1-0"]
[WhiteElo "1950"]
[BlackElo "2026"]
[PlyCount "103"]
[EventDate "2024.02.13"]
[EventType "swiss (blitz)"]
[EventRounds "11"]
[EventCountry "USA"]
[SourceTitle "CB08_2024"]
[SourceDate "2024.02.21"]
[SourceVersion "1"]
[SourceVersionDate "2024.02.21"]
[SourceQuality "1"]

1. e4 c5 2. Nf3 d6 3. Bb5+ Bd7 4. Bxd7+ Qxd7 5. c4 Nc6 6. Nc3 e6 7. d4 cxd4 8. Nxd4 Nf6 9. 0-0 Be7 10. b3 0-0 11. Bb2 Ne8 12. Nxc6 Qxc6 13. Re1 Bf6 14. Qd2 g6 15. Rad1 Bg7 16. Nb5 Bxb2 17. Qxb2 a6 18. Nd4 Qc5 19. Nf3 f6 20. Qd2 Rd8 21. Nd4 Ng7 22. Qh6 Rfe8 23. h3 Qh5 24. Qe3 Qa5 25. Qf3 Qe5 26. Re2 Nh5 27. Red2 Nf4 28. Ne2 Nxe2+ 29. Qxe2 Kg7 30. Qe3 Rd7 31. c5 d5 32. exd5 exd5 33. Rxd5 Rxd5 34. Rxd5 Qxe3 35. fxe3 Re7 36. Kf2 Kf7 37. Rd6 Rc7 38. b4 Ke7 39. a4 Rd7 40. Rb6 h5 41. h4 Kf7 42. Kf3 Rc7 43. Ke4 Rd7 44. b5 axb5 45. axb5 Ke7 46. c6 bxc6 47. bxc6 Rc7 48. Kd5 Kd8 49. Kd6 Rc8 50. Rb7 Ke8 51. c7 Kf7 52. Rb8 1-0

[Event "Titled Tuesday intern op 13th Feb Late"]
[Site "Chess.com INT"]
[Date "2024.02.13"]
[Round "8"]
[White "Mizzi, Jack"]
[Black "Ghosh, Chanchal Kumer"]
[Result "1/2-1/2"]
[WhiteElo "2043"]
[BlackElo "2026"]
[PlyCount "184"]
[EventDate "2024.02.13"]
[EventType "swiss (blitz)"]
[EventRounds "11"]
[EventCountry "USA"]
[SourceTitle "CB08_2024"]
[SourceDate "2024.02.21"]
[SourceVersion "1"]
[SourceVersionDate "2024.02.21"]
[SourceQuality "1"]

1. d4 d5 2. c4 e6 3. Nf3 Nf6 4. g3 b6 5. Bg2 Bb7 6. 0-0 Nbd7 7. Nbd2 Bd6 8. b3 0-0 9. Bb2 Re8 10. Ne5 c5 11. e3 Ne4 12. Nxe4 dxe4 13. f3 Bxe5 14. dxe5 exf3 15. Bxf3 Bxf3 16. Qxf3 Qe7 17. Rad1 Nf8 18. Rd6 Rad8 19. Rfd1 Ng6 20. Qc6 f6 21. exf6 Rxd6 22. Rxd6 gxf6 23. Rd7 Qf8 24. Qc7 Qh6 25. Kg2 Nf8 26. Rd3 Qh5 27. Rd2 Qf5 28. Qf4 Qxf4 29. exf4 Kf7 30. Kf3 Ke7 31. h4 Nd7 32. h5 Nb8 33. g4 Rg8 34. Rg2 Nc6 35. g5 fxg5 36. fxg5 e5 37. Ke4 Ke6 38. g6 hxg6 39. hxg6 Nd4 40. g7 Kf6 41. Rf2+ Ke6 42. Rg2 Kf6 43. Bc1 Rxg7 44. Rxg7 Kxg7 45. Kxe5 Nc2 46. Bb2 Nb4 47. Kd6+ Kf7 48. a3 Nd3 49. Bc3 Nc1 50. b4 cxb4 51. axb4 Na2 52. Bd2 Ke8 53. Kc6 Kd8 54. Kb5 Kc7 55. Ka4 a5 56. bxa5 bxa5 57. Bxa5+ Kc6 58. Bd2 Kc5 59. Kb3 Kd4 60. Ba5 Nc1+ 61. Kb4 Nd3+ 62. Kb5 Ke4 63. Bb6 Ke5 64. Be3 Ke4 65. Bd2 Kd4 66. Bh6 Ke4 67. Bg7 Kf5 68. Bh8 Ke6 69. Bd4 Kd6 70. Ka4 Kc6 71. Kb3 Nf4 72. Be5 Nd3 73. Bg3 Nc5+ 74. Kc3 Ne4+ 75. Kb4 Nxg3 76. Ka5 Nf5 77. c5 Ne3 78. Kb4 Nf5 79. Kc4 Ne7 80. Kd4 Nd5 81. Ke4 Nc7 82. Ke5 Na6 83. Kf6 Nb4 84. Kg7 Nd3 85. Kh8 Ne5 86. Kh7 Nd7 87. Kh8 Kd5 88. Kh7 Ke6 89. Kh8 Ne5 90. Kh7 Nc6 91. Kh6 Ne7 92. c6 Nxc6 1/2-1/2

[Event "Titled Tuesday intern op 13th Feb Early"]
[Site "Chess.com INT"]
[Date "2024.02.13"]
[Round "4"]
[White "Namitbir, Singh Walia"]
[Black "Ghosh, Chanchal Kumer"]
[Result "1-0"]
[WhiteElo "2408"]
[BlackElo "2026"]
[PlyCount "69"]
[EventDate "2024.02.13"]
[EventType "swiss (blitz)"]
[EventRounds "11"]
[EventCountry "USA"]
[SourceTitle "CB08_2024"]
[SourceDate "2024.02.21"]
[SourceVersion "1"]
[SourceVersionDate "2024.02.21"]
[SourceQuality "1"]

1. Nf3 c5 2. g3 d6 3. Bg2 Nc6 4. 0-0 Nf6 5. c4 e6 6. b3 Be7 7. Bb2 0-0 8. d4 cxd4 9. Nxd4 Nxd4 10. Qxd4 Qc7 11. Nc3 Ne8 12. Rfd1 a6 13. Ne4 f5 14. Nc3 Bf6 15. Qd2 Bd7 16. Rac1 Bc6 17. Nd5 Qf7 18. Nxf6+ gxf6 19. f3 Rd8 20. Qa5 Ng7 21. Rd2 d5 22. Rcd1 Rd7 23. cxd5 Rxd5 24. Rxd5 Bxd5 25. e4 fxe4 26. fxe4 Bc6 27. Rf1 Qg6 28. Qc3 e5 29. Qc4+ Kh8 30. Bxe5 Qe8 31. Bxf6 Bb5 32. Qd4 Bxf1 33. Bxg7+ Kg8 34. Bxf8 Qxf8 35. Bxf1 1-0

[Event "Titled Tuesday intern op 13th Feb Late"]
[Site "Chess.com INT"]
[Date "2024.02.13"]
[Round "4"]
[White "Sourath, Biswas"]
[Black "Ghosh, Chanchal Kumer"]
[Result "1-0"]
[WhiteElo "2305"]
[BlackElo "2026"]
[PlyCount "73"]
[EventDate "2024.02.13"]
[EventType "swiss (blitz)"]
[EventRounds "11"]
[EventCountry "USA"]
[SourceTitle "CB08_2024"]
[SourceDate "2024.02.21"]
[SourceVersion "1"]
[SourceVersionDate "2024.02.21"]
[SourceQuality "1"]

1. d4 d5 2. Bf4 e6 3. e3 Bd6 4. Nf3 c5 5. c3 Nc6 6. Bg3 c4 7. Nbd2 Qc7 8. e4 Bxg3 9. hxg3 Nf6 10. e5 Nd7 11. Qc2 h6 12. g4 g6 13. Bxc4 dxc4 14. Nxc4 Nb6 15. Nd6+ Kf8 16. Qd2 Kg7 17. 0-0-0 Na5 18. Rh2 Nac4 19. Nxc4 Nxc4 20. Qf4 Qe7 21. Rdh1 Bd7 22. Rxh6 Rag8 23. Qf6+ Qxf6 24. exf6+ Kxf6 25. Rxh8 Rxh8 26. Rxh8 Bc6 27. g5+ Kf5 28. Rf8 Nd6 29. Ne5 Bxg2 30. Nxf7 Nxf7 31. Rxf7+ Kxg5 32. Kd2 a6 33. c4 Kg4 34. Ke3 g5 35. Rf6 Bf1 36. b3 b5 37. c5 1-0

[Event "Titled Tuesday intern op 13th Feb Late"]
[Site "Chess.com INT"]
[Date "2024.02.13"]
[Round "7"]
[White "Tan, Ralph"]
[Black "Ghosh, Chanchal Kumer"]
[Result "1-0"]
[WhiteElo "2004"]
[BlackElo "2026"]
[PlyCount "83"]
[EventDate "2024.02.13"]
[EventType "swiss (blitz)"]
[EventRounds "11"]
[EventCountry "USA"]
[SourceTitle "CB08_2024"]
[SourceDate "2024.02.21"]
[SourceVersion "1"]
[SourceVersionDate "2024.02.21"]
[SourceQuality "1"]

1. e4 c5 2. Nf3 d6 3. d4 cxd4 4. Nxd4 Nf6 5. Nc3 a6 6. Rg1 e5 7. Nb3 h5 8. Bg5 Be6 9. Qd2 Nbd7 10. 0-0-0 Qc7 11. Kb1 b5 12. f3 Be7 13. Bd3 Nb6 14. f4 Nc4 15. Bxc4 bxc4 16. Nc1 Rb8 17. fxe5 dxe5 18. Bxf6 gxf6 19. Nd5 Bxd5 20. Qxd5 Qb6 21. b3 c3 22. Ne2 Qb4 23. Qc6+ Kf8 24. Qxc3 Qxe4 25. Ng3 Qg4 26. h3 Qg6 27. Rd7 Bb4 28. Qf3 Rc8 29. Nf5 h4 30. Rgd1 Kg8 31. Qe4 Bf8 32. Rd8 Rxd8 33. Rxd8 Kh7 34. Qxh4+ Bh6 35. Rxh8+ Kxh8 36. Qxh6+ Qxh6 37. Nxh6 Kg7 38. Nf5+ Kg6 39. g4 Kg5 40. Kc1 Kf4 41. Kd2 Kf3 42. c4 1-0

[Event "Titled Tuesday intern op 06th Feb Early"]
[Site "Chess.com INT"]
[Date "2024.02.06"]
[Round "5"]
[White "Ghosh, Chanchal Kumer"]
[Black "Hnatyshyn, Anastasiya"]
[Result "0-1"]
[WhiteElo "2026"]
[BlackElo "2178"]
[PlyCount "106"]
[EventDate "2024.02.06"]
[EventType "swiss (blitz)"]
[EventRounds "11"]
[EventCountry "USA"]
[SourceTitle "CB07_2024"]
[SourceDate "2024.02.14"]
[SourceVersion "1"]
[SourceVersionDate "2024.02.14"]
[SourceQuality "1"]

1. e4 e6 2. Nf3 d5 3. Nc3 Nf6 4. e5 Nfd7 5. d4 c5 6. Bg5 Be7 7. Bxe7 Qxe7 8. Nb5 0-0 9. Nc7 Nxe5 10. Nxa8 Nxf3+ 11. Qxf3 cxd4 12. c3 b6 13. Qg3 e5 14. Be2 Bb7 15. Nxb6 axb6 16. 0-0 dxc3 17. Qxc3 d4 18. Qg3 Nd7 19. Rfe1 Nf6 20. a3 e4 21. Rad1 Qc5 22. Rd2 h6 23. Red1 d3 24. Bf1 Re8 25. h3 e3 26. Rxd3 e2 27. Bxe2 Rxe2 28. Rd8+ Kh7 29. Qd3+ Re4 30. b4 Qf5 31. g4 Qg6 32. f3 Re5 33. Qxg6+ Kxg6 34. R1d3 Re1+ 35. Kf2 Rh1 36. Kg2 Ra1 37. Rb8 Ba6 38. Re3 Bf1+ 39. Kf2 b5 40. Rb6 Bc4 41. f4 Rf1+ 42. Kg2 Rxf4 43. Kg3 Rd4 44. h4 Kh7 45. Rb7 Nd5 46. Re8 Rd3+ 47. Kf2 Rd2+ 48. Kg3 Nf6 49. Rbb8 Nxe8 50. Rxe8 Rd3+ 51. Kf4 Rxa3 52. g5 hxg5+ 53. hxg5 Rb3 0-1

[Event "Titled Tuesday intern op 23rd Jan Late"]
[Site "Chess.com INT"]
[Date "2024.01.23"]
[Round "8"]
[White "Ghosh, Chanchal Kumer"]
[Black "Sarkar, Justin"]
[Result "1-0"]
[WhiteElo "2026"]
[BlackElo "2272"]
[PlyCount "39"]
[EventDate "2024.01.23"]
[EventType "swiss (blitz)"]
[EventRounds "11"]
[EventCountry "USA"]
[SourceTitle "CB05_2024"]
[SourceDate "2024.01.31"]
[SourceVersion "1"]
[SourceVersionDate "2024.01.31"]
[SourceQuality "1"]

1. e4 e5 2. Nf3 Nc6 3. Bc4 Nf6 4. Ng5 d5 5. exd5 Nxd5 6. Nxf7 Kxf7 7. Qf3+ Ke6 8. Nc3 Ncb4 9. 0-0 c6 10. Bb3 Bc5 11. a3 Na6 12. Ne4 Be7 13. c4 Nf4 14. d4 Rf8 15. dxe5 Ng6 16. c5+ Kxe5 17. Qe3 Kf5 18. Ng3+ Kg4 19. Qe2+ Kh4 20. Qh5# 1-0

[Event "Titled Tuesday intern op 16th Jan Late"]
[Site "Chess.com INT"]
[Date "2024.01.16"]
[Round "8"]
[White "Figorito, Nick"]
[Black "Ghosh, Chanchal Kumer"]
[Result "1/2-1/2"]
[WhiteElo "2036"]
[BlackElo "2026"]
[PlyCount "157"]
[EventDate "2024.01.16"]
[EventType "swiss (blitz)"]
[EventRounds "11"]
[EventCountry "USA"]
[SourceTitle "CB04_2024"]
[SourceDate "2023.10.16"]
[SourceVersion "1"]
[SourceVersionDate "2023.10.16"]
[SourceQuality "1"]

1. Nf3 d5 2. g3 e6 3. Bg2 Nf6 4. 0-0 c5 5. d4 cxd4 6. Nxd4 a6 7. c4 Be7 8. Nc3 dxc4 9. Qa4+ Nbd7 10. Rd1 0-0 11. Qxc4 Rb8 12. Nb3 b5 13. Qd3 Bb7 14. Bf4 e5 15. Bxb7 Rxb7 16. Be3 Qc8 17. Rac1 Rc7 18. Qf5 g6 19. Qh3 h5 20. Bh6 Rd8 21. Bg5 Nf8 22. Qxc8 Rdxc8 23. Bxf6 Bxf6 24. Nd5 Rxc1 25. Nxf6+ Kg7 26. Nxh5+ gxh5 27. Rxc1 Rxc1+ 28. Nxc1 f5 29. Nd3 Kf6 30. Nc5 a5 31. Kg2 Ng6 32. Nb7 a4 33. Nd6 b4 34. Nc4 Ne7 35. Nb6 a3 36. bxa3 bxa3 37. Nc4 Nd5 38. Nxa3 Nc3 39. Nc4 Nxa2 40. Ne3 Nc1 41. Kf1 f4 42. Ng2 Kf5 43. Nh4+ Kg4 44. Nf3 e4 45. Ne5+ Kf5 46. Nc6 f3 47. exf3 exf3 48. Nd4+ Kg4 49. h3+ Kxh3 50. Nxf3 Kg4 51. Kg2 Ne2 52. Nh2+ Kg5 53. Nf3+ Kg4 54. Ng1 Nd4 55. Kf1 h4 56. gxh4 Kxh4 57. Kg2 Kg4 58. Nh3 Nf3 59. Ng1 Nxg1 60. Kxg1 Kf3 61. Kf1 Kf4 62. Ke2 Ke4 63. Kd2 Kf3 64. Ke1 Kf4 65. Kf1 Kf3 66. Kg1 Kf4 67. Kg2 Kg4 68. f3+ Kf4 69. Kf2 Kf5 70. Kf1 Kf4 71. Ke2 Kf5 72. Ke3 Ke5 73. Kd3 Kf4 74. Ke2 Kf5 75. Kf2 Kf4 76. Kg2 Kf5 77. Kg3 Kg5 78. Kf2 Kf4 79. Ke2 1/2-1/2

[Event "Titled Tuesday intern op 16th Jan Late"]
[Site "Chess.com INT"]
[Date "2024.01.16"]
[Round "7"]
[White "Ghosh, Chanchal Kumer"]
[Black "Garcia Correa, Jose Ricardo"]
[Result "1/2-1/2"]
[WhiteElo "2026"]
[BlackElo "2103"]
[PlyCount "63"]
[EventDate "2024.01.16"]
[EventType "swiss (blitz)"]
[EventRounds "11"]
[EventCountry "USA"]
[SourceTitle "CB04_2024"]
[SourceDate "2023.10.16"]
[SourceVersion "1"]
[SourceVersionDate "2023.10.16"]
[SourceQuality "1"]

1. e4 e5 2. Nf3 Nc6 3. Bc4 Bc5 4. c3 Qf6 5. 0-0 Nge7 6. d4 exd4 7. Bg5 Qg6 8. b4 Bb6 9. b5 Na5 10. Bd3 f6 11. e5 f5 12. Bxe7 Kxe7 13. cxd4 Rf8 14. Nc3 Kf7 15. Nd5 c6 16. Nf4 Qh6 17. g3 Kg8 18. Rc1 d6 19. exd6 Qxd6 20. Ne5 Bxd4 21. Nc4 Nxc4 22. Bxc4+ Kh8 23. bxc6 bxc6 24. Qh5 c5 25. Rfe1 Bd7 26. Re2 Rae8 27. Rce1 Rxe2 28. Rxe2 Be5 29. Nd3 Bd4 30. Nf4 Bc3 31. Rc2 Bd4 32. Re2 1/2-1/2

[Event "Titled Tuesday intern op 16th Jan Late"]
[Site "Chess.com INT"]
[Date "2024.01.16"]
[Round "10"]
[White "Ghosh, Chanchal Kumer"]
[Black "Ng, Gary"]
[Result "1-0"]
[WhiteElo "2026"]
[BlackElo "2205"]
[PlyCount "79"]
[EventDate "2024.01.16"]
[EventType "swiss (blitz)"]
[EventRounds "11"]
[EventCountry "USA"]
[SourceTitle "CB04_2024"]
[SourceDate "2023.10.16"]
[SourceVersion "1"]
[SourceVersionDate "2023.10.16"]
[SourceQuality "1"]

1. e4 c6 2. Nf3 d5 3. Nc3 Bg4 4. exd5 cxd5 5. Bb5+ Nc6 6. d4 a6 7. Bxc6+ bxc6 8. h3 Bh5 9. Qd3 Bg6 10. Qe2 e6 11. Ne5 Qb6 12. 0-0 Qxd4 13. Nxc6 Qb6 14. Ne5 Bd6 15. Nxd5 Qb5 16. c4 Qb8 17. Nxg6 hxg6 18. Bg5 Be5 19. Rfe1 Bf6 20. Bf4 e5 21. Bxe5 Bxe5 22. Qxe5+ Qxe5 23. Rxe5+ Kf8 24. c5 Nf6 25. Nxf6 gxf6 26. Rd5 Kg7 27. b4 Rhc8 28. a4 Rab8 29. Rb1 f5 30. b5 axb5 31. axb5 Kf6 32. b6 Ke6 33. Rbd1 Rc6 34. Rd6+ Rxd6 35. Rxd6+ Ke7 36. Rc6 Kd7 37. Rc7+ Ke6 38. b7 Kd5 39. c6 Kd6 40. Rc8 1-0

[Event "Titled Tuesday intern op 16th Jan Late"]
[Site "Chess.com INT"]
[Date "2024.01.16"]
[Round "6"]
[White "Rian, Kapriaga"]
[Black "Ghosh, Chanchal Kumer"]
[Result "1/2-1/2"]
[WhiteElo "2089"]
[BlackElo "2026"]
[PlyCount "110"]
[EventDate "2024.01.16"]
[EventType "swiss (blitz)"]
[EventRounds "11"]
[EventCountry "USA"]
[SourceTitle "CB04_2024"]
[SourceDate "2023.10.16"]
[SourceVersion "1"]
[SourceVersionDate "2023.10.16"]
[SourceQuality "1"]

1. d4 d5 2. Nf3 e6 3. Bf4 Nf6 4. e3 Bd6 5. Bg3 c5 6. Nbd2 Nc6 7. c3 c4 8. b3 b5 9. a4 b4 10. bxc4 bxc3 11. Nb3 dxc4 12. Bxc4 Bb4 13. 0-0 0-0 14. Qc2 Bb7 15. Rfd1 Na5 16. Be2 Be4 17. Bd3 Bxf3 18. gxf3 Rc8 19. Rdc1 h6 20. Kh1 Qd5 21. Nxa5 Qxf3+ 22. Kg1 Bxa5 23. Rab1 Nd5 24. Bh7+ Kh8 25. Be4 Qh5 26. Rb5 Bc7 27. Qb3 Bxg3 28. hxg3 a6 29. Ra5 Rfd8 30. Bxd5 Rxd5 31. Rxd5 exd5 32. Rxc3 Rxc3 33. Qxc3 Qd1+ 34. Kg2 Qxa4 35. Qc8+ Kh7 36. Qf5+ Kg8 37. Qxd5 Qb5 38. Qxb5 axb5 39. Kf1 Kf8 40. Ke2 Ke7 41. Kd3 Kd6 42. Kc3 h5 43. f4 g6 44. e4 f6 45. e5+ fxe5 46. dxe5+ Kc5 47. Kb3 b4 48. Kb2 Kb5 49. Kc2 Kc5 50. Kd3 Kd5 51. Kc2 Kc5 52. Kb2 Kc6 53. Kb3 Kb5 54. Kb2 Kc6 55. Kc2 Kc5 1/2-1/2

[Event "Titled Tuesday intern op 09th Jan Early"]
[Site "Chess.com INT"]
[Date "2024.01.09"]
[Round "3"]
[White "Parfenov, Viktor N"]
[Black "Ghosh, Chanchal Kumer"]
[Result "1-0"]
[WhiteElo "2193"]
[BlackElo "2026"]
[PlyCount "73"]
[EventDate "2024.01.09"]
[EventType "swiss (blitz)"]
[EventRounds "11"]
[EventCountry "USA"]
[SourceTitle "CB03_2024"]
[SourceDate "2024.01.17"]
[SourceVersion "1"]
[SourceVersionDate "2024.01.17"]
[SourceQuality "1"]

1. d4 d5 2. Bf4 e6 3. e3 Nf6 4. Nf3 Bd6 5. Bg3 c5 6. dxc5 Bxg3 7. hxg3 Qa5+ 8. Nbd2 Qxc5 9. Rc1 Nc6 10. a3 a5 11. c4 a4 12. cxd5 Qxd5 13. Bc4 Qd6 14. Qe2 0-0 15. Bd3 Rd8 16. Bb1 Ne5 17. Nxe5 Qxe5 18. Nc4 Qg5 19. 0-0 b5 20. Nb6 Rb8 21. Nxc8 Rdxc8 22. Bd3 Ng4 23. Rfd1 Qh5 24. Rxc8+ Rxc8 25. Qf3 g6 26. Be4 Rc5 27. Bd3 Rd5 28. Rd2 Qh2+ 29. Kf1 h5 30. Ke2 Qh1 31. Be4 Rxd2+ 32. Kxd2 Qa1 33. Qd1 Qxb2+ 34. Bc2 Nxf2 35. Qe2 Ne4+ 36. Kd3 f5 37. Qe1 1-0

[Event "Titled Tuesday intern op 09th Jan Early"]
[Site "Chess.com INT"]
[Date "2024.01.09"]
[Round "8"]
[White "Trost, Edvin"]
[Black "Ghosh, Chanchal Kumer"]
[Result "1-0"]
[WhiteElo "2418"]
[BlackElo "2026"]
[PlyCount "93"]
[EventDate "2024.01.09"]
[EventType "swiss (blitz)"]
[EventRounds "11"]
[EventCountry "USA"]
[SourceTitle "CB03_2024"]
[SourceDate "2024.01.17"]
[SourceVersion "1"]
[SourceVersionDate "2024.01.17"]
[SourceQuality "1"]

1. d4 d5 2. c4 e6 3. Nf3 Nf6 4. Nc3 b6 5. cxd5 exd5 6. Bg5 Bb7 7. e3 Be7 8. Bd3 0-0 9. Qc2 h6 10. Bxf6 Bxf6 11. 0-0-0 Nd7 12. g4 Qe7 13. h4 g6 14. g5 Bg7 15. h5 hxg5 16. Rdg1 f6 17. hxg6 Rfc8 18. Rh5 c5 19. Rgh1 Nf8 20. Qd1 a6 21. Qg1 cxd4 22. Nxd4 Rxc3+ 23. bxc3 Qa3+ 24. Kb1 Qxc3 25. Bc2 Qb4+ 26. Bb3 Nxg6 27. Qg2 Rc8 28. Rh7 Rc7 29. Qh3 Qe7 30. Rxg7+ Qxg7 31. Ne6 Qd7 32. Nxc7 Qxc7 33. Qe6+ Qf7 34. Qxf7+ Kxf7 35. Rc1 Ne7 36. Rc7 Ba8 37. Ra7 Bc6 38. Rxa6 Ke6 39. Rxb6 Kd6 40. Rb4 Nf5 41. Bc2 Nh4 42. Kc1 f5 43. a4 Kc5 44. Rb8 Nf3 45. a5 Ne5 46. a6 Nc4 47. a7 1-0